| 000 | 01434nam a2200373Ia 4500 | ||
|---|---|---|---|
| 001 | ebr10112453 | ||
| 003 | CaPaEBR | ||
| 006 | m u | ||
| 007 | cr cn||||||||| | ||
| 008 | 050923s2005 caua sb 001 0 eng d | ||
| 010 | _z 2005280317 | ||
| 020 | _z0738490571 | ||
| 040 |
_aCaPaEBR _cCaPaEBR |
||
| 035 | _a(OCoLC)61447503 | ||
| 050 | 1 | 4 |
_aQA76.9.A25 _bM85 2005eb |
| 082 | 0 | 4 |
_a005.8 _222 |
| 245 | 0 | 0 |
_aMultilevel security and DB2 row-level security revealed _h[electronic resource] / _c[Chris Rayns ... et al.]. |
| 250 | _a1st ed. | ||
| 260 |
_aSan Jose, CA : _bIBM, International Technical Support Organization, _cc2005. |
||
| 300 |
_axiv, 216 p. : _bill. |
||
| 490 | 1 | _aIBM redbooks | |
| 500 | _a"April 2005." | ||
| 500 | _a"SG24-6480-00." | ||
| 504 | _aIncludes bibliographical references and index. | ||
| 533 |
_aElectronic reproduction. _bPalo Alto, Calif. : _cebrary, _d2009. _nAvailable via World Wide Web. _nAccess may be limited to ebrary affiliated libraries. |
||
| 630 | 0 | 0 | _aIBM Database 2. |
| 650 | 0 | _aComputer security. | |
| 655 | 7 |
_aElectronic books. _2local |
|
| 700 | 1 | _aRayns, Chris. | |
| 710 | 2 |
_aInternational Business Machines Corporation. _bInternational Technical Support Organization. |
|
| 710 | 2 | _aebrary, Inc. | |
| 830 | 0 | _aIBM redbooks. | |
| 856 | 4 | 0 |
_uhttp://site.ebrary.com/lib/rucke/Doc?id=10112453 _zAn electronic book accessible through the World Wide Web; click to view |
| 999 |
_c106563 _d106563 |
||